| 000 | 00654nam a2200229 a 4500 | ||
|---|---|---|---|
| 001 | BRCA_7068 | ||
| 005 | 20190321142930.0 | ||
| 008 | 071211s1923----gw-a######---#000-0#ger-# | ||
| 041 | _ager | ||
| 044 | _agw | ||
| 050 | 4 | _b.M65 1923 | |
| 100 | 1 |
_aMolo, Walter von _917575 |
|
| 245 | 1 | 0 |
_aDie schönsten Abenteuergeschichten von Sealsfield _cAusgewählt und eingeleitet von Walter von Molo |
| 260 |
_aMúnich _bAlbert Langen _c1923 |
||
| 300 |
_a192 p. _bil. _c20 cm. |
||
| 440 | 0 |
_aLangens Auswahlbände _v4 _917576 |
|
| 500 | _aO37 | ||
| 600 | 1 | 4 |
_aSealsfield, Charles _917577 |
| 650 | 1 | 4 |
_aLiteratura Alemana _96160 |
| 902 | _aGFM | ||
| 942 |
_2lcc _cB |
||
| 999 |
_c6749 _d6749 |
||